| 000 | 00408nam a2200169 i 4500 | ||
|---|---|---|---|
| 001 | nkc20263743812 | ||
| 003 | CZ PrNK | ||
| 005 | 20260415090906.0 | ||
| 008 | 260415b |||||||| |||| 00| 0 eng d | ||
| 020 | _a9788028412982 | ||
| 245 | 0 | 0 |
_aNaháčci / _cDorota Ambrožová |
| 250 | _aVydání první | ||
| 264 | 1 |
_aPraha : _bListen, _c2026 |
|
| 300 | _a115 stran | ||
| 910 | _aABG508 | ||
| 999 |
_c34163 _d34163 |
||